| 000 | 00999cam a2200301 i 4500 | ||
|---|---|---|---|
| 999 |
_c200447918 _d66130 |
||
| 003 | TR-AnTOB | ||
| 005 | 20230119084946.0 | ||
| 007 | ta | ||
| 008 | 220307s1997 tu 000 0 tur d | ||
| 040 |
_aTR-AnTOB _beng _erda _cTR-AnTOB |
||
| 041 | 0 | _atur | |
| 050 | 1 | 4 |
_aHG4651 _b.B85 1991 |
| 090 |
_aHG4651 _b.B85 1991 |
||
| 100 | 1 |
_aBukan, Yeşim _eauthor _9135958 |
|
| 245 | 1 | 0 |
_aKonvertibilitenin işlerliği ve Türkiye'deki uygulama / _cYeşim Bukan ; tez danışmanı Prof. Dr. Şiir Yılmaz. |
| 264 | 1 |
_aAnkara : _bGazi Üniversitesi, _c1992. |
|
| 300 |
_aV, 123 pages : _btables ; _c30 cm |
||
| 336 |
_atext _btxt _2rdacontent |
||
| 337 |
_aunmediated _bn _2rdamedia |
||
| 338 |
_avolume _bnc _2rdacarrier |
||
| 502 | _aTez (Master)-Gazi Üniversitesi | ||
| 650 | 0 |
_aBonolar _zTürkiye _918042 |
|
| 700 | 1 |
_aYılmaz, Şiir _eadvisor _9140202 |
|
| 710 | 2 |
_aGazi Üniversitesi. _bSosyal Bilimler Enstitüsü _944674 |
|
| 942 |
_2z _cBK |
||